| 000 | 00923cam a2200277 a 4500 | ||
|---|---|---|---|
| 001 | 77626 | ||
| 003 | BD-RjUL | ||
| 005 | 20211209083014.0 | ||
| 008 | 201213r19661634enk 000 0beng u | ||
| 035 | _a(BD-RjUL)77852 | ||
| 040 |
_aDLC _cDLC _dm.c _beng _eBD-RjUL |
||
| 041 | _aeng | ||
| 082 |
_223 _a822.3 _bFOP 1966 |
||
| 100 | 1 |
_aFord, John, _d1586-approximately 1640. _9242516 |
|
| 245 | 1 | 0 |
_aPerkin Warbeck / _cJohn Ford ; edited by Donald K. Anderson |
| 260 |
_aLondon : _bEdward Arnold, _c1966 |
||
| 300 |
_axx, 114 p. ; _c21 cm |
||
| 500 | _aFirst published in 1634 under title: The chronicle historie of Perkin Warbeck | ||
| 600 | 1 | 0 |
_aWarbeck, Perkin, _d1474-1499 _xDrama _9242517 |
| 700 | 1 |
_aAnderson, Donald K., _d1922- _9242520 |
|
| 830 | 0 |
_aRegents Renaissance drama series _9242521 |
|
| 942 |
_2ddc _cBK |
||
| 999 |
_c77626 _d77626 |
||